| 000 | 01098aam a2200289 i 4500 | ||
|---|---|---|---|
| 999 |
_c45232 _d45232 |
||
| 001 | 768714001 | ||
| 003 | CO-MdFUSBC | ||
| 005 | 20190606161945.0 | ||
| 008 | 190527t1998 -usdf||| |||| 00| 0 eng d | ||
| 020 | _a9780761839545 | ||
| 040 |
_aCO-MdFUSB _bspa _cCO-MdFUSB _dCO-MdFUSBC _erda |
||
| 041 | _aeng | ||
| 082 | 0 | 4 |
_a227 _2G 227.066 _bSP745 |
| 100 | 1 |
_aSpencer, Aída Besançon _eautor |
|
| 245 | 1 |
_aPaul's Literary Style : _ba stylistic and historical comparison of II Corinthians 11:16-12:13, Romans 8:9-39, and Philippians 3:2-4:13. _c/ Aída Besançon Spencer. |
|
| 264 | 1 |
_aLanham, Maryland : _bUniversity Press of America, _c[1998] |
|
| 264 | 4 | _c©1998 | |
| 300 |
_a256 páginas _c; 23 cm |
||
| 336 |
_atexto _btxt _2rdacontent |
||
| 337 |
_2rdamedia _asin mediación _bn |
||
| 338 |
_2rdacarrier _avolumen _bnc |
||
| 505 | 0 | _aEl estilo literario de Pablo. -- El estudio de la estilística de Pablo. -- Los contextos históricos de 2 Corintios, Romanos y Filipenses | |
| 563 | _aRústico | ||
| 630 | 0 | 7 |
_aBiblia. _pEpístolas Paulinas _vComentarios |
| 942 | _cBK | ||
| 945 | _aJTF925 | ||